000 00683nam a22001695i 4500
001 166156
003 ES-MaACL
005 20230906213256.0
008 000628s1898 sp |||| | spa d
040 _aCCPB | B
_bspa
_cCCPB | B
100 1 _aTercedor y Díaz, Juan A.
_9133180
245 1 0 _aDiscurso leído en la solemne apertura del curso académico de 1898 á 1899 de la Universidad Literaria de Granada por Juan A. Tercedor y Díaz.
260 _aGranada :
_b[s.n.],
_c1898 (
_fImprenta de Indalecio y Ventura)
300 _a25 p. ;
_c31 cm.
710 2 _aUniversidad Literaria de Granada.
_9153703
852 _aES-MaACL
_jT-777-F-6
_z-- Enc. hol., conservando la cub. original
999 _c166156
_d166156